|
|
|
|
| LEADER |
00923nam a2200253 a 4500 |
| 001 |
GR-Patra2416 |
| 008 |
991022s gr 000 b eng d |
| 020 |
|
|
|a 0830637559
|
| 040 |
|
|
|a GrPaTEI
|b gre
|c GR-PaULI
|
| 245 |
0 |
0 |
|a Linking lans :
|b хa иmicro manager's guide.
|
| 260 |
|
|
|b Windcrest,
|c c1991
|
| 300 |
|
|
|a xviii, 298σ. :
|b εικ.
|
| 500 |
|
|
|a Bibliography: p.285-288
|
| 650 |
|
0 |
|a Computers
|
| 650 |
|
0 |
|a LAN
|
| 650 |
|
4 |
|a ΔΙΚΤΥΑ
|
| 650 |
|
4 |
|a Ηλεκτρονικοί υπολογιστές
|
| 650 |
|
4 |
|a ΗΛΕΚΤΡΟΝΙΚΟΙ ΥΠΟΛΟΓΙΣΤΕΣ-ΔΙΚΤΥΑ (LAN)
|
| 700 |
1 |
|
|a Schatt, Stanley
|
| 710 |
0 |
|
|a Windcrest
|
| 942 |
|
|
|2 ddc
|
| 952 |
|
|
|0 0
|1 0
|2 ddc
|4 0
|6 004_680000000000000_SCH
|7 0
|9 284214
|a LISK
|b LISK
|c BSC
|d 2021-01-17
|e 24
|f 0
|g 0.00
|l 0
|o 004.68 SCH
|p 9241007624
|r 2021-01-17 00:00:00
|t 1
|w 2021-01-17
|y BK15
|x 19991024 0 1
|x GrPaTEI
|
| 971 |
|
|
|a .b26499174
|b 16-04-20
|c 23-09-16
|
| 999 |
|
|
|c 165414
|d 165414
|